• 首页
  • 本馆介绍
  • 公告通知
  • 最新文献
  • 馆藏检索
  • 电子资源
  • 读者导购
  • 参考咨询
  • 我的图书馆
  • 登录
  • 详细信息显示
  • 放入我的书架
  • 预约/预借图书
  • 作者相关作品
  • 分类相关作品
  • 丛书相关作品
  • 出版社相关作品

书目信息

  • 表格格式
  • 工作单格式
  • 卡片格式
题名:
国际商法
    
 
作者: 左海聪 主编
分册:  
出版信息: 北京   法律出版社  2013
页数: 402页
开本: 23cm
丛书名:
单 册:
中图分类: D996.1
科图分类:
主题词: 国际商法--教材 , 国际商法
电子资源:
ISBN: 978-7-5118-5449-0
000 01038nam0 2200277 450
001 523
005 20140908111041.46
010    @a978-7-5118-5449-0@dCNY36.00
100    @a20140106d2013 em y0chiy50 ea
101 0  @achi
102    @aCN@b110000
105    @ay z 000yy
106    @ar
200 1  @a国际商法@AGuo Ji Shang Fa@dInternational business law@f左海聪主编@FZuo Hai Cong Zhu Bian@zeng
205    @a2版
210    @a北京@c法律出版社@d2013
215    @a402页@d23cm
300    @a21世纪法学规划教材
330    @a本教材强调国际商法与国际经济法的分野,仅讲述调整国际商事关系的私法,分章详细阐述国际商法所涵括之内容和具体制度,本书的特色在于强调案例的运用,所选案例涵盖甚广,既有普通法系国家的重要国际商事判例,也有大陆法系和我国的典型案例,还有国际商事仲裁中有影响的裁决。
510 1  @aInternational business law@zeng
606 0  @a国际商法@j教材
606 0  @a国际商法
690    @aD996.1@v5
701  0 @a左海聪@AZuo Hai Cong@f(1966.2~)@4主编
801  0 @aCN@bTANGWEI@c20140603
905    @b0841664-66@dD996.1@e123=2@f3
    
    国际商法=International business law/左海聪主编.-2版.-北京:法律出版社,2013
    402页;23cm
    21世纪法学规划教材
    
    ISBN 978-7-5118-5449-0:CNY36.00
    本教材强调国际商法与国际经济法的分野,仅讲述调整国际商事关系的私法,分章详细阐述国际商法所涵括之内容和具体制度,本书的特色在于强调案例的运用,所选案例涵盖甚广,既有普通法系国家的重要国际商事判例,也有大陆法系和我国的典型案例,还有国际商事仲裁中有影响的裁决。
●
相关链接 在E读中查询图书 在五车中查询图书 在当当中查询图书 在豆瓣中查询图书


正题名:国际商法     索取号:D996.1/123=2         预约/预借

序号 登录号 条形码 馆藏地/架位号 状态 备注
1 0841664   208416640   第一样本阅览室/ [索取号:D996.1/123=2] 在馆    
2 0841665   208416659   第一借阅区/ [索取号:D996.1/123=2] 在馆    
3 0841666   208416668   第一借阅区/ [索取号:D996.1/123=2] 在馆    
唐山师范学院图书馆 欢迎您!
大连网信软件有限公司© 版权所有